[Event "Greek Team Championship"]
[Site "chess24.com"]
[Date "2017.07.05"]
[Round "4"]
[White "Grammatikaki, Aggeliki"]
[Black "Kyriazi, Smaragda"]
[Result "0-1"]
[Board "6"]
[WhiteElo "1623"]
[WhiteCountry "GRE"]
[WhiteFideId "25802607"]
[WhiteEloChange "-17"]
[BlackElo "1304"]
[BlackCountry "GRE"]
[BlackFideId "4290364"]
[BlackEloChange "17"]

1. c4 {[%clk 1:30:57]} e6 {[%clk 1:30:42]} 2. Nc3 {[%clk 1:31:20]} f5 {[%clk
1:31:01]} 3. Nf3 {[%clk 1:30:22]} Nf6 {[%clk 1:31:06]} 4. e3 {[%clk 1:30:29]} b6
{[%clk 1:30:11]} 5. d4 {[%clk 1:30:14]} Bb7 {[%clk 1:29:20]} 6. Bd3 {[%clk
1:27:45]} Bb4 {[%clk 1:25:23]} 7. Qb3 {[%clk 1:16:28]} Bxc3+ {[%clk 1:22:33]} 8.
bxc3 {[%clk 1:16:24]} O-O {[%clk 1:21:22]} 9. Ba3 {[%clk 1:03:44]} Re8 {[%clk
1:12:50]} 10. c5 {[%clk 0:59:26]} Ne4 {[%clk 1:06:41]} 11. h4 {[%clk 0:48:22]}
Kh8 {[%clk 0:58:17]} 12. Ne5 {[%clk 0:46:07]} Qf6 {[%clk 0:52:19]} 13. f3 {[%clk
0:39:45]} Nxc5 {[%clk 0:39:06]} 14. Bxc5 {[%clk 0:38:08]} d6 {[%clk 0:39:00]} 15.
Qa4 {[%clk 0:27:28]} Rd8 {[%clk 0:36:37]} 16. Bxd6 {[%clk 0:26:55]} cxd6 {[%clk
0:36:29]} 17. Nc4 {[%clk 0:27:12]} Nc6 {[%clk 0:27:09]} 18. Kf2 {[%clk 0:24:29]}
Ne7 {[%clk 0:24:53]} 19. Rh3 {[%clk 0:22:39]} e5 {[%clk 0:22:21]} 20. Qd1 {[%clk
0:16:17]} e4 {[%clk 0:19:09]} 21. Be2 {[%clk 0:16:03]} f4 {[%clk 0:16:03]} 22.
exf4 {[%clk 0:12:26]} Qxf4 {[%clk 0:15:56]} 23. Qd2 {[%clk 0:06:40]} Qf7 {[%clk
0:14:08]} 24. Kg1 {[%clk 0:04:26]} exf3 {[%clk 0:12:42]} 25. gxf3 {[%clk
0:03:51]} Nd5 {[%clk 0:09:23]} 26. Rg3 {[%clk 0:02:34]} Nf4 {[%clk 0:07:40]} 27.
Bd3 {[%clk 0:01:27]} Rac8 {[%clk 0:04:55]} 28. Nb2 {[%clk 0:01:03]} Re8 {[%clk
0:03:43]} 29. Bc4 {[%clk 0:00:54]} Bd5 {[%clk 0:03:07]} 30. Bxd5 {[%clk 0:01:01]}
Nxd5 {[%clk 0:03:31]} 31. c4 {[%clk 0:00:53]} Nf4 {[%clk 0:03:17]} 32. Re1 {[%clk
0:01:02]} Rxe1+ {[%clk 0:03:20]} 33. Qxe1 {[%clk 0:01:28]} Re8 {[%clk 0:03:39]}
34. Qf2 {[%clk 0:00:53]} Re2 {[%clk 0:03:28]} 35. Qf1 {[%clk 0:00:42]} Rxb2
{[%clk 0:03:44]} 36. Rg4 {[%clk 0:00:51]} Qf5 {[%clk 0:03:28]} 37. Rxf4 {[%clk
0:00:36]} Qxf4 {[%clk 0:03:45]} 38. Qe1 {[%clk 0:00:56]} Qxd4+ {[%clk 0:03:58]}
0-1

[Event "Greek Team Championship"]
[Site "chess24.com"]
[Date "2017.07.05"]
[Round "4"]
[White "Koutsidi, Amalia"]
[Black "Kalyva, Kyriaki"]
[Result "1-0"]
[Board "7"]
[WhiteElo "1772"]
[WhiteCountry "GRE"]
[WhiteFideId "4244710"]
[WhiteEloChange "6"]
[BlackElo "1633"]
[BlackCountry "GRE"]
[BlackFideId "4271181"]
[BlackEloChange "-6"]

1. e4 {[%clk 1:30:56]} c5 {[%clk 1:30:54]} 2. Nf3 {[%clk 1:31:20]} Nc6 {[%clk
1:31:17]} 3. Bb5 {[%clk 1:31:37]} e6 {[%clk 1:31:36]} 4. Bxc6 {[%clk 1:31:34]}
bxc6 {[%clk 1:31:40]} 5. b3 {[%clk 1:31:43]} d5 {[%clk 1:31:18]} 6. d3 {[%clk
1:30:59]} Nf6 {[%clk 1:27:29]} 7. e5 {[%clk 1:27:19]} Nd7 {[%clk 1:23:25]} 8. c4
{[%clk 1:22:59]} Qc7 {[%clk 1:19:08]} 9. Qe2 {[%clk 1:19:17]} f6 {[%clk 1:06:19]}
10. exf6 {[%clk 1:17:42]} Nxf6 {[%clk 1:06:35]} 11. Bb2 {[%clk 1:11:30]} d4
{[%clk 1:01:46]} 12. O-O {[%clk 1:08:45]} Bd6 {[%clk 0:58:57]} 13. Nbd2 {[%clk
1:08:12]} O-O {[%clk 0:55:45]} 14. Rae1 {[%clk 0:59:10]} Bd7 {[%clk 0:46:20]} 15.
Bc1 {[%clk 0:54:46]} Rae8 {[%clk 0:39:27]} 16. Ne5 {[%clk 0:49:22]} Bxe5 {[%clk
0:31:12]} 17. Qxe5 {[%clk 0:49:33]} Qa5 {[%clk 0:31:03]} 18. a3 {[%clk 0:46:05]}
Qc3 {[%clk 0:22:22]} 19. Ne4 {[%clk 0:20:54]} Nxe4 {[%clk 0:17:58]} 20. Rxe4
{[%clk 0:19:17]} Qxd3 {[%clk 0:08:39]} 21. Rg4 {[%clk 0:17:56]} g6 {[%clk
0:08:32]} 22. Bh6 {[%clk 0:17:54]} Rf7 {[%clk 0:08:54]} 23. Rf4 {[%clk 0:17:56]}
Rfe7 {[%clk 0:06:08]} 24. Qf6 {[%clk 0:17:06]} 1-0

[Event "Greek Team Championship"]
[Site "chess24.com"]
[Date "2017.07.05"]
[Round "4"]
[White "Ladopoulos, Dimitrios"]
[Black "Abelakiotis, Stavros"]
[Result "1-0"]
[Board "8"]
[WhiteElo "2229"]
[WhiteCountry "GRE"]
[WhiteFideId "4239580"]
[WhiteEloChange "2"]
[BlackElo "1861"]
[BlackCountry "GRE"]
[BlackFideId "4292650"]
[BlackEloChange "-2"]

1. e4 {[%clk 1:30:21]} c6 {[%clk 1:30:31]} 2. d4 {[%clk 1:30:09]} d5 {[%clk
1:30:45]} 3. Nc3 {[%clk 1:29:54]} dxe4 {[%clk 1:31:04]} 4. Nxe4 {[%clk 1:30:12]}
Nd7 {[%clk 1:31:18]} 5. Ng5 {[%clk 1:28:16]} Ngf6 {[%clk 1:29:40]} 6. Bd3 {[%clk
1:27:54]} e6 {[%clk 1:30:00]} 7. N1f3 {[%clk 1:26:10]} Bd6 {[%clk 1:30:11]} 8.
Qe2 {[%clk 1:24:30]} h6 {[%clk 1:30:25]} 9. Ne4 {[%clk 1:24:53]} Nxe4 {[%clk
1:30:45]} 10. Qxe4 {[%clk 1:22:48]} Qc7 {[%clk 1:30:50]} 11. Bd2 {[%clk 1:20:20]}
b6 {[%clk 1:27:34]} 12. c4 {[%clk 1:16:38]} Bb7 {[%clk 1:24:15]} 13. O-O-O {[%clk
1:12:05]} c5 {[%clk 1:13:37]} 14. Qe2 {[%clk 1:11:38]} O-O-O {[%clk 1:04:59]} 15.
Bc3 {[%clk 1:07:46]} Kb8 {[%clk 0:58:06]} 16. dxc5 {[%clk 0:52:33]} Nxc5 {[%clk
0:54:10]} 17. Bc2 {[%clk 0:51:05]} Bxf3 {[%clk 0:34:45]} 18. Qxf3 {[%clk
0:49:15]} Be5 {[%clk 0:33:33]} 19. Bxe5 {[%clk 0:23:46]} Qxe5 {[%clk 0:33:41]}
20. Qxf7 {[%clk 0:23:01]} Rdf8 {[%clk 0:22:08]} 21. Qe7 {[%clk 0:16:00]} Rxf2
{[%clk 0:21:35]} 22. Kb1 {[%clk 0:10:36]} Qe2 {[%clk 0:08:47]} 23. Rc1 {[%clk
0:04:48]} Rxg2 {[%clk 0:05:02]} 24. Qd6+ {[%clk 0:01:17]} Kb7 {[%clk 0:04:19]}
25. b4 {[%clk 0:00:32]} Ne4 {[%clk 0:03:16]} 26. Qd4 {[%clk 0:00:44]} Nd2+ {[%clk
0:02:07]} 27. Ka1 {[%clk 0:01:02]} Rd8 {[%clk 0:01:47]} 28. Qc3 {[%clk 0:01:00]}
Ne4 {[%clk 0:00:40]} 29. Qe1 {[%clk 0:00:32]} Nf6 {[%clk 0:00:33]} 30. Qc3 {[%clk
0:00:32]} Rxh2 {[%clk 0:00:34]} 31. Rhe1 {[%clk 0:00:31]} Qg4 {[%clk 0:00:34]}
32. c5 {[%clk 0:00:32]} Nd5 {[%clk 0:00:32]} 33. Be4 {[%clk 0:00:37]} Qf4 {[%clk
0:00:31]} 34. cxb6 {[%clk 0:00:32]} axb6 {[%clk 0:00:33]} 35. Qc6+ {[%clk
0:00:32]} Kb8 {[%clk 0:00:34]} 36. Bxd5 {[%clk 0:00:34]} Qd4+ {[%clk 0:00:34]}
37. Rc3 {[%clk 0:00:56]} exd5 {[%clk 0:00:33]} 38. Qc7+ {[%clk 0:01:14]} Ka8
{[%clk 0:00:35]} 39. Qxd8+ {[%clk 0:01:42]} Ka7 {[%clk 0:00:42]} 40. Qc7+ {[%clk
0:31:55]} Ka6 {[%clk 0:30:55]} 41. Qc8+ {[%clk 0:32:14]} 1-0

[Event "Greek Team Championship"]
[Site "chess24.com"]
[Date "2017.07.05"]
[Round "4"]
[White "Karousos-Theodorakis, Nikolaos"]
[Black "Triantos, Konstantinos"]
[Result "1/2-1/2"]
[Board "9"]
[WhiteElo "2153"]
[WhiteCountry "GRE"]
[WhiteFideId "4275829"]
[WhiteEloChange "-3"]
[BlackElo "2045"]
[BlackCountry "GRE"]
[BlackFideId "4274300"]
[BlackEloChange "3"]

1. e4 {[%clk 1:30:57]} c5 {[%clk 1:30:02]} 2. Nf3 {[%clk 1:31:23]} d6 {[%clk
1:30:30]} 3. Bb5+ {[%clk 1:31:48]} Nd7 {[%clk 1:30:51]} 4. O-O {[%clk 1:32:10]}
a6 {[%clk 1:31:20]} 5. Bd3 {[%clk 1:32:35]} Ngf6 {[%clk 1:31:45]} 6. Re1 {[%clk
1:32:52]} e6 {[%clk 1:32:06]} 7. a4 {[%clk 1:29:58]} b6 {[%clk 1:32:30]} 8. c3
{[%clk 1:30:21]} Bb7 {[%clk 1:31:47]} 9. Bc2 {[%clk 1:30:05]} c4 {[%clk 1:32:10]}
10. Qe2 {[%clk 1:25:52]} Qc7 {[%clk 1:30:50]} 11. d4 {[%clk 1:18:54]} cxd3 {[%clk
1:31:16]} 12. Qxd3 {[%clk 1:10:43]} Be7 {[%clk 1:28:36]} 13. Nbd2 {[%clk
1:08:14]} O-O {[%clk 1:25:34]} 14. Nb3 {[%clk 1:04:08]} e5 {[%clk 1:17:55]} 15.
Bg5 {[%clk 0:59:37]} h6 {[%clk 1:11:18]} 16. Bh4 {[%clk 0:59:23]} Rfe8 {[%clk
0:57:16]} 17. Qe2 {[%clk 0:57:57]} Bc6 {[%clk 0:40:17]} 18. Nbd2 {[%clk 0:54:43]}
Nc5 {[%clk 0:36:33]} 19. b4 {[%clk 0:48:29]} Ne6 {[%clk 0:35:53]} 20. Bb3 {[%clk
0:48:11]} b5 {[%clk 0:32:29]} 21. axb5 {[%clk 0:42:32]} axb5 {[%clk 0:29:21]} 22.
Bxf6 {[%clk 0:42:26]} Bxf6 {[%clk 0:29:23]} 23. g3 {[%clk 0:42:07]} Qb7 {[%clk
0:27:08]} 24. Qd3 {[%clk 0:39:50]} Rad8 {[%clk 0:24:38]} 25. Qe3 {[%clk 0:38:32]}
Ra8 {[%clk 0:20:37]} 26. Qd3 {[%clk 0:38:01]} Rad8 {[%clk 0:20:54]} 27. Qe3
{[%clk 0:38:11]} Ra8 {[%clk 0:21:20]} 1/2-1/2

[Event "Greek Team Championship"]
[Site "chess24.com"]
[Date "2017.07.05"]
[Round "4"]
[White "Nikolakopoulos, Dimitrios"]
[Black "Magoulas, Dionysios"]
[Result "1/2-1/2"]
[Board "10"]
[WhiteElo "1280"]
[WhiteCountry "GRE"]
[WhiteFideId "25825135"]
[WhiteEloChange "-3"]
[BlackElo "1161"]
[BlackCountry "GRE"]
[BlackFideId "25805878"]
[BlackEloChange "3"]

1. e4 {[%clk 1:30:50]} c6 {[%clk 1:30:56]} 2. Nf3 {[%clk 1:30:57]} d5 {[%clk
1:31:20]} 3. Nc3 {[%clk 1:31:10]} Nf6 {[%clk 1:31:37]} 4. exd5 {[%clk 1:31:03]}
cxd5 {[%clk 1:31:57]} 5. d4 {[%clk 1:31:04]} Bf5 {[%clk 1:31:21]} 6. Bd3 {[%clk
1:30:26]} Bxd3 {[%clk 1:31:20]} 7. Qxd3 {[%clk 1:30:48]} Nc6 {[%clk 1:29:33]} 8.
O-O {[%clk 1:31:05]} e6 {[%clk 1:29:47]} 9. Bf4 {[%clk 1:31:05]} Bd6 {[%clk
1:29:40]} 10. Bxd6 {[%clk 1:30:28]} Qxd6 {[%clk 1:30:05]} 11. Ne2 {[%clk
1:29:19]} O-O {[%clk 1:29:15]} 12. c3 {[%clk 1:28:26]} Na5 {[%clk 1:24:41]} 13.
Ng3 {[%clk 1:14:53]} Nc4 {[%clk 1:22:21]} 14. Rab1 {[%clk 1:14:17]} Qc7 {[%clk
1:19:28]} 15. Rfe1 {[%clk 1:14:03]} Rac8 {[%clk 1:18:04]} 16. Ne5 {[%clk
1:09:20]} h6 {[%clk 1:14:24]} 17. Nxc4 {[%clk 1:07:26]} Qxc4 {[%clk 1:14:25]} 18.
Qxc4 {[%clk 1:05:39]} Rxc4 {[%clk 1:14:43]} 19. f4 {[%clk 1:04:59]} Rcc8 {[%clk
1:12:40]} 20. f5 {[%clk 1:03:46]} Rfe8 {[%clk 1:02:13]} 21. fxe6 {[%clk 1:02:05]}
Rxe6 {[%clk 1:02:13]} 22. Rxe6 {[%clk 0:59:46]} fxe6 {[%clk 1:02:37]} 23. Re1
{[%clk 0:59:56]} Re8 {[%clk 1:02:45]} 24. h3 {[%clk 0:59:08]} a6 {[%clk 0:55:15]}
25. Kf2 {[%clk 0:58:35]} Kf7 {[%clk 0:55:19]} 26. Kf3 {[%clk 0:57:22]} g5 {[%clk
0:52:39]} 27. Nh1 {[%clk 0:51:54]} Ne4 {[%clk 0:51:49]} 28. Nf2 {[%clk 0:50:06]}
Nxf2 {[%clk 0:45:25]} 29. Kxf2 {[%clk 0:50:25]} Kf6 {[%clk 0:45:38]} 30. g4
{[%clk 0:50:14]} b6 {[%clk 0:41:59]} 1/2-1/2

[Event "Greek Team Championship"]
[Site "chess24.com"]
[Date "2017.07.05"]
[Round "4"]
[White "Georgiev, Kiril"]
[Black "Lupulescu, Constantin"]
[Result "1/2-1/2"]
[Board "1"]
[WhiteElo "2640"]
[WhiteTitle "GM"]
[WhiteCountry "BUL"]
[WhiteFideId "2900017"]
[BlackElo "2635"]
[BlackTitle "GM"]
[BlackCountry "ROU"]
[BlackFideId "1207822"]

1. d4 {[%clk 1:30:46]} Nf6 {[%clk 1:30:57]} 2. c4 {[%clk 1:31:07]} e6 {[%clk
1:31:24]} 3. Nf3 {[%clk 1:31:07]} d5 {[%clk 1:31:51]} 4. Nc3 {[%clk 1:31:17]} a6
{[%clk 1:32:14]} 5. cxd5 {[%clk 1:30:10]} exd5 {[%clk 1:32:32]} 6. Bf4 {[%clk
1:30:26]} Bd6 {[%clk 1:32:37]} 7. Bg3 {[%clk 1:30:46]} O-O {[%clk 1:25:53]} 8. e3
{[%clk 1:30:38]} Bxg3 {[%clk 1:22:31]} 9. hxg3 {[%clk 1:30:55]} Bf5 {[%clk
1:22:54]} 10. Bd3 {[%clk 1:24:03]} Bxd3 {[%clk 1:05:03]} 11. Qxd3 {[%clk
1:24:21]} g6 {[%clk 1:04:50]} 12. O-O-O {[%clk 1:17:20]} Nbd7 {[%clk 1:00:43]}
13. Ne5 {[%clk 1:10:54]} c6 {[%clk 0:53:47]} 14. f4 {[%clk 1:05:55]} Kg7 {[%clk
0:49:13]} 15. Rh4 {[%clk 1:02:51]} h5 {[%clk 0:48:32]} 16. e4 {[%clk 0:57:40]}
dxe4 {[%clk 0:45:17]} 17. Nxe4 {[%clk 0:57:57]} Nxe4 {[%clk 0:42:02]} 18. Qxe4
{[%clk 0:56:48]} Nxe5 {[%clk 0:32:19]} 19. Qxe5+ {[%clk 0:48:21]} f6 {[%clk
0:29:21]} 20. Qc5 {[%clk 0:47:44]} Re8 {[%clk 0:26:38]} 21. f5 {[%clk 0:47:16]}
Qd5 {[%clk 0:24:25]} 22. fxg6 {[%clk 0:40:46]} Re2 {[%clk 0:22:06]} 23. Rxh5
{[%clk 0:34:20]} Qxa2 {[%clk 0:16:12]} 24. Rh7+ {[%clk 0:34:17]} Kg8 {[%clk
0:16:40]} 25. Rh8+ {[%clk 0:33:27]} Kg7 {[%clk 0:16:57]} 26. Rh7+ {[%clk
0:33:24]} Kg8 {[%clk 0:17:26]} 27. Rh8+ {[%clk 0:32:37]} Kg7 {[%clk 0:17:50]} 28.
Rh7+ {[%clk 0:33:00]} Kg8 {[%clk 0:18:14]} 29. Rh8+ {[%clk 0:33:12]} Kg7 {[%clk
0:18:38]} 30. Rh7+ {[%clk 0:33:36]} Kg8 {[%clk 0:18:55]} 1/2-1/2

[Event "Greek Team Championship"]
[Site "chess24.com"]
[Date "2017.07.05"]
[Round "4"]
[White "Lubbe, Nikolas"]
[Black "Managadze, Nikoloz"]
[Result "1-0"]
[Board "2"]
[WhiteElo "2505"]
[WhiteTitle "IM"]
[WhiteCountry "GER"]
[WhiteFideId "4694031"]
[WhiteEloChange "4"]
[BlackElo "2454"]
[BlackTitle "IM"]
[BlackCountry "GEO"]
[BlackFideId "13600575"]
[BlackEloChange "-4"]

1. e4 {[%clk 1:30:36]} c5 {[%clk 1:24:11]} 2. Nf3 {[%clk 1:30:56]} Nc6 {[%clk
1:24:33]} 3. Nc3 {[%clk 1:30:54]} d6 {[%clk 1:24:58]} 4. d4 {[%clk 1:30:51]} cxd4
{[%clk 1:25:23]} 5. Nxd4 {[%clk 1:31:18]} Nf6 {[%clk 1:25:46]} 6. Bg5 {[%clk
1:31:34]} e6 {[%clk 1:26:00]} 7. Qd2 {[%clk 1:30:57]} a6 {[%clk 1:24:42]} 8.
O-O-O {[%clk 1:30:36]} Bd7 {[%clk 1:23:07]} 9. f4 {[%clk 1:29:37]} Be7 {[%clk
1:15:51]} 10. Nf3 {[%clk 1:27:54]} Qc7 {[%clk 1:12:41]} 11. e5 {[%clk 1:18:53]}
dxe5 {[%clk 1:07:12]} 12. fxe5 {[%clk 1:18:47]} Nd5 {[%clk 1:05:25]} 13. Nxd5
{[%clk 0:57:18]} exd5 {[%clk 1:05:08]} 14. Bxe7 {[%clk 0:52:50]} Nxe7 {[%clk
1:05:07]} 15. Qg5 {[%clk 0:51:33]} Bf5 {[%clk 0:57:40]} 16. Bd3 {[%clk 0:39:58]}
Bxd3 {[%clk 0:53:51]} 17. Rxd3 {[%clk 0:40:25]} O-O {[%clk 0:53:48]} 18. Re1
{[%clk 0:35:25]} Rfe8 {[%clk 0:49:09]} 19. Qd2 {[%clk 0:33:36]} Rad8 {[%clk
0:42:57]} 20. h4 {[%clk 0:32:19]} Nc6 {[%clk 0:27:09]} 21. Rxd5 {[%clk 0:29:35]}
Nb4 {[%clk 0:25:34]} 22. Rxd8 {[%clk 0:25:36]} Nxa2+ {[%clk 0:25:53]} 23. Kb1
{[%clk 0:26:00]} Rxd8 {[%clk 0:26:19]} 24. Qf4 {[%clk 0:25:10]} Qa5 {[%clk
0:26:37]} 25. e6 {[%clk 0:25:02]} fxe6 {[%clk 0:17:27]} 26. Qc4 {[%clk 0:25:17]}
Rd6 {[%clk 0:14:32]} 27. Qc8+ {[%clk 0:23:56]} Kf7 {[%clk 0:13:27]} 28. Ng5+
{[%clk 0:23:57]} Ke7 {[%clk 0:13:12]} 29. Qxb7+ {[%clk 0:23:43]} Ke8 {[%clk
0:12:22]} 30. Qc8+ {[%clk 0:21:38]} Ke7 {[%clk 0:12:18]} 31. Rxe6+ {[%clk
0:22:03]} Rxe6 {[%clk 0:12:46]} 32. Qxe6+ {[%clk 0:22:26]} Kd8 {[%clk 0:13:14]}
33. Qg8+ {[%clk 0:22:31]} Kc7 {[%clk 0:13:15]} 34. Qxg7+ {[%clk 0:22:56]} Kc6
{[%clk 0:13:26]} 35. Qf6+ {[%clk 0:21:59]} Kb7 {[%clk 0:13:41]} 36. Qe7+ {[%clk
0:21:07]} Kb8 {[%clk 0:13:06]} 37. Qe8+ {[%clk 0:18:06]} Kb7 {[%clk 0:12:17]} 38.
Qf7+ {[%clk 0:18:33]} Kb6 {[%clk 0:12:13]} 39. Qd7 {[%clk 0:15:38]} Qe1+ {[%clk
0:09:07]} 40. Kxa2 {[%clk 0:46:06]} Qxh4 {[%clk 0:39:31]} 41. Qd6+ {[%clk
0:44:55]} Kb7 {[%clk 0:35:48]} 42. Qd5+ {[%clk 0:45:22]} Kb6 {[%clk 0:35:05]} 43.
Ne4 {[%clk 0:45:45]} Qe7 {[%clk 0:34:29]} 44. Qd6+ {[%clk 0:46:12]} 1-0

[Event "Greek Team Championship"]
[Site "chess24.com"]
[Date "2017.07.05"]
[Round "4"]
[White "Papadopoulos, Georgios"]
[Black "Kofidis, Andreas"]
[Result "1-0"]
[Board "3"]
[WhiteElo "2240"]
[WhiteCountry "GRE"]
[WhiteFideId "4210271"]
[WhiteEloChange "14"]
[BlackElo "2381"]
[BlackTitle "IM"]
[BlackCountry "GRE"]
[BlackFideId "4200217"]
[BlackEloChange "-14"]

1. d4 {[%clk 1:28:19]} d5 {[%clk 1:30:22]} 2. c4 {[%clk 1:28:46]} dxc4 {[%clk
1:30:35]} 3. Nf3 {[%clk 1:29:11]} Nf6 {[%clk 1:29:46]} 4. e3 {[%clk 1:29:27]} e6
{[%clk 1:29:36]} 5. Bxc4 {[%clk 1:29:52]} a6 {[%clk 1:29:52]} 6. O-O {[%clk
1:29:48]} c5 {[%clk 1:26:13]} 7. dxc5 {[%clk 1:30:14]} Qxd1 {[%clk 1:26:19]} 8.
Rxd1 {[%clk 1:30:40]} Bxc5 {[%clk 1:26:39]} 9. Nbd2 {[%clk 1:31:06]} Nc6 {[%clk
1:23:48]} 10. Be2 {[%clk 1:30:52]} O-O {[%clk 1:19:44]} 11. a3 {[%clk 1:30:56]}
a5 {[%clk 1:19:12]} 12. Nc4 {[%clk 1:26:02]} Rd8 {[%clk 1:14:16]} 13. Bd2 {[%clk
0:58:08]} b6 {[%clk 1:04:42]} 14. Bc3 {[%clk 0:54:58]} Bb7 {[%clk 0:59:01]} 15.
Nfe5 {[%clk 0:51:33]} Nd5 {[%clk 0:53:55]} 16. Nxc6 {[%clk 0:39:52]} Bxc6 {[%clk
0:53:03]} 17. Bf3 {[%clk 0:32:47]} Rac8 {[%clk 0:50:55]} 18. Bd4 {[%clk 0:17:11]}
Ba4 {[%clk 0:43:06]} 19. Rdc1 {[%clk 0:17:32]} Bxd4 {[%clk 0:33:41]} 20. exd4
{[%clk 0:17:57]} Bb3 {[%clk 0:29:53]} 21. Bxd5 {[%clk 0:17:35]} exd5 {[%clk
0:29:44]} 22. Nxb6 {[%clk 0:13:53]} Rb8 {[%clk 0:28:51]} 23. Rc6 {[%clk 0:14:18]}
g6 {[%clk 0:27:10]} 24. Rac1 {[%clk 0:12:53]} Kg7 {[%clk 0:27:16]} 25. h3 {[%clk
0:11:33]} Rb7 {[%clk 0:25:58]} 26. R1c3 {[%clk 0:11:11]} Bc4 {[%clk 0:25:59]} 27.
Nxc4 {[%clk 0:10:16]} dxc4 {[%clk 0:26:24]} 28. R6xc4 {[%clk 0:07:57]} Rxb2
{[%clk 0:26:44]} 29. Rc7 {[%clk 0:06:24]} Rb6 {[%clk 0:23:59]} 30. Rf3 {[%clk
0:05:14]} Rf6 {[%clk 0:24:11]} 31. Rxf6 {[%clk 0:05:39]} Kxf6 {[%clk 0:24:33]}
32. Rc6+ {[%clk 0:05:37]} Ke7 {[%clk 0:24:33]} 33. Rc4 {[%clk 0:06:02]} Rb8
{[%clk 0:20:45]} 34. Rc5 {[%clk 0:04:59]} Rb1+ {[%clk 0:20:32]} 35. Kh2 {[%clk
0:05:28]} Rd1 {[%clk 0:20:54]} 36. d5 {[%clk 0:05:51]} a4 {[%clk 0:20:15]} 37.
Ra5 {[%clk 0:06:10]} Rd4 {[%clk 0:16:22]} 38. g3 {[%clk 0:05:56]} h5 {[%clk
0:15:32]} 39. h4 {[%clk 0:06:04]} Kf6 {[%clk 0:13:00]} 40. Kg2 {[%clk 0:35:55]}
Ke5 {[%clk 0:36:14]} 41. Ra7 {[%clk 0:26:35]} f6 {[%clk 0:13:56]} 42. Ra5 {[%clk
0:22:21]} Rxd5 {[%clk 0:13:35]} 43. Rxa4 {[%clk 0:22:44]} Rd3 {[%clk 0:12:43]}
44. Ra5+ {[%clk 0:17:45]} Ke6 {[%clk 0:12:42]} 45. a4 {[%clk 0:15:11]} Ra3 {[%clk
0:12:58]} 46. Ra8 {[%clk 0:13:28]} Kf5 {[%clk 0:12:51]} 47. a5 {[%clk 0:13:53]}
Ra2 {[%clk 0:12:34]} 48. a6 {[%clk 0:14:04]} Ra3 {[%clk 0:12:56]} 49. Ra7 {[%clk
0:12:57]} Ra2 {[%clk 0:13:07]} 50. Kf3 {[%clk 0:10:08]} Ra3+ {[%clk 0:13:24]} 51.
Ke2 {[%clk 0:09:18]} Ra2+ {[%clk 0:13:40]} 52. Ke3 {[%clk 0:09:33]} Ra3+ {[%clk
0:13:40]} 53. Kd4 {[%clk 0:09:58]} Ra2 {[%clk 0:13:28]} 54. Ke3 {[%clk 0:07:15]}
Ra3+ {[%clk 0:13:10]} 55. Kd4 {[%clk 0:07:04]} Ra2 {[%clk 0:13:29]} 56. Kc5
{[%clk 0:04:57]} Rc2+ {[%clk 0:09:02]} 57. Kb6 {[%clk 0:04:41]} Rb2+ {[%clk
0:08:51]} 58. Kc7 {[%clk 0:04:20]} Rc2+ {[%clk 0:09:02]} 59. Kb8 {[%clk 0:04:30]}
Ra2 {[%clk 0:09:14]} 60. Kc8 {[%clk 0:03:23]} Ra3 {[%clk 0:09:06]} 61. Ra8 {[%clk
0:03:11]} Ra2 {[%clk 0:08:05]} 62. f3 {[%clk 0:03:13]} Ra3 {[%clk 0:08:24]} 63.
a7 {[%clk 0:02:41]} Rc3+ {[%clk 0:08:08]} 64. Kd7 {[%clk 0:02:58]} Ra3 {[%clk
0:06:39]} 65. Ke7 {[%clk 0:03:24]} Ra6 {[%clk 0:03:03]} 66. Kf7 {[%clk 0:03:39]}
g5 {[%clk 0:03:07]} 67. hxg5 {[%clk 0:03:52]} Kxg5 {[%clk 0:02:23]} 68. Rg8+
{[%clk 0:04:05]} 1-0

[Event "Greek Team Championship"]
[Site "chess24.com"]
[Date "2017.07.05"]
[Round "4"]
[White "Poulopoulos, Ioannis"]
[Black "Kostas, Panagiotis"]
[Result "1-0"]
[Board "4"]
[WhiteElo "2252"]
[WhiteCountry "GRE"]
[WhiteFideId "4218078"]
[WhiteEloChange "4"]
[BlackElo "2011"]
[BlackCountry "GRE"]
[BlackFideId "4214226"]
[BlackEloChange "-4"]

1. c4 {[%clk 1:30:55]} e6 {[%clk 1:30:54]} 2. g3 {[%clk 1:31:01]} d5 {[%clk
1:31:16]} 3. Bg2 {[%clk 1:31:21]} Nf6 {[%clk 1:30:09]} 4. Nf3 {[%clk 1:31:14]} d4
{[%clk 1:19:21]} 5. O-O {[%clk 1:29:43]} Nc6 {[%clk 1:19:12]} 6. d3 {[%clk
1:28:01]} Be7 {[%clk 1:19:29]} 7. e3 {[%clk 1:26:50]} e5 {[%clk 1:19:01]} 8. exd4
{[%clk 1:26:30]} exd4 {[%clk 1:19:19]} 9. Re1 {[%clk 1:24:53]} Bg4 {[%clk
1:18:58]} 10. b4 {[%clk 1:15:17]} a6 {[%clk 1:09:07]} 11. h3 {[%clk 1:06:45]}
Bxf3 {[%clk 1:07:19]} 12. Bxf3 {[%clk 1:06:10]} O-O {[%clk 1:07:24]} 13. a3
{[%clk 1:05:58]} Nd7 {[%clk 1:05:02]} 14. Bg2 {[%clk 1:00:21]} Bf6 {[%clk
1:03:37]} 15. Nd2 {[%clk 0:56:32]} a5 {[%clk 1:00:54]} 16. b5 {[%clk 0:48:18]}
Nce5 {[%clk 1:01:18]} 17. Bxb7 {[%clk 0:41:41]} Nxd3 {[%clk 0:59:07]} 18. Bxa8
{[%clk 0:41:31]} Qxa8 {[%clk 0:59:07]} 19. Rf1 {[%clk 0:40:15]} N7c5 {[%clk
0:55:56]} 20. Nb3 {[%clk 0:39:25]} Nxb3 {[%clk 0:49:59]} 21. Qxb3 {[%clk
0:39:44]} Nc5 {[%clk 0:50:23]} 22. Qd1 {[%clk 0:39:41]} d3 {[%clk 0:45:50]} 23.
Be3 {[%clk 0:39:00]} Ne4 {[%clk 0:44:12]} 24. Qxd3 {[%clk 0:37:03]} Bxa1 {[%clk
0:44:35]} 25. Rxa1 {[%clk 0:37:28]} Rd8 {[%clk 0:44:45]} 26. Qe2 {[%clk 0:37:02]}
Re8 {[%clk 0:37:53]} 27. Qf3 {[%clk 0:33:35]} Qc8 {[%clk 0:33:30]} 28. Kh2 {[%clk
0:29:39]} Re5 {[%clk 0:28:50]} 29. Rd1 {[%clk 0:26:41]} h6 {[%clk 0:25:09]} 30.
Rd4 {[%clk 0:18:58]} f5 {[%clk 0:23:08]} 31. Qd1 {[%clk 0:13:19]} Re8 {[%clk
0:20:17]} 32. Qc2 {[%clk 0:10:25]} Qe6 {[%clk 0:18:10]} 33. Bf4 {[%clk 0:09:47]}
c5 {[%clk 0:13:37]} 34. Rd5 {[%clk 0:09:37]} Qf6 {[%clk 0:13:37]} 35. Be3 {[%clk
0:08:47]} Qa1 {[%clk 0:10:34]} 36. Rxf5 {[%clk 0:07:00]} Nxg3 {[%clk 0:10:58]}
37. Kxg3 {[%clk 0:06:31]} Qg1+ {[%clk 0:11:23]} 38. Kf3 {[%clk 0:05:00]} g6
{[%clk 0:10:33]} 39. Rxc5 {[%clk 0:04:07]} Re6 {[%clk 0:06:55]} 40. Ke2 {[%clk
0:33:59]} 1-0